00502nam a2200193Ia 4500003000400000005001700004008004100021020002200062040000700084041000800091082002400099100002100123245003900144260005900183300001200242365001300254650001800267650002300285OSt20230620122431.0210423s2013 xx 000 0 und d a978-93-921355-3-3 cAL aeng a302.2072 223bKISH aKISHORE (Devesh) aHandbook of communication research aBhopalbMakhanlal Chaturvedi National Universityc2013 a352bPB b400cINR aCommunication aSocial Interaction